La médium del venerable : testimonio /

"Una historia basada en hechos reales que revela la vida de Sofía Carreño, una joven de la alta sociedad que descubre tener una comunicación paranormal con el espíritu del Beato Venerable médico venezolano José Gregorio Hernández Cisneros, fallecido en 1919. Sofía no solo tendrá que enfrent...

Full description

Bibliographic Details
Main Author: Zuluaga Aparicio, Celmira
Format: Electronic eBook
Language:Spanish
Published: Bogotá, Colombia : Editorial Oveja Negra, 2011.
Edition:1a. ed.
Subjects:
Online Access:Digitalia Hispánica

MARC

LEADER 00000nam a2200000 i 4500
001 DIGOVENEG007
003 NyNyDIG
006 m o d
007 cr |||||||||||
008 140101s2011 ck a o 000 1 spa d
040 |a DGITA  |b eng  |e pn  |c DGITA 
035 |a (OCoLC)888244045 
020 |z 9789580611691 
020 |z 9580611696 
020 |z 9580611691 
043 |a s-ck---  
050 1 4 |a PQ8180.436.U48 eBook 
100 1 |a Zuluaga Aparicio, Celmira.  
245 1 3 |a La médium del venerable :  |b testimonio /  |c Celmira Zuluaga Aparicio. 
250 |a 1a. ed. 
264 1 |a Bogotá, Colombia :  |b Editorial Oveja Negra,  |c 2011. 
300 |a 1 online resource (288 pages) 
336 |a text  |b txt  |2 rdacontent 
337 |a computer  |b c  |2 rdamedia 
338 |a online resource  |b cr  |2 rdacarrier 
520 |a "Una historia basada en hechos reales que revela la vida de Sofía Carreño, una joven de la alta sociedad que descubre tener una comunicación paranormal con el espíritu del Beato Venerable médico venezolano José Gregorio Hernández Cisneros, fallecido en 1919. Sofía no solo tendrá que enfrentarse a su propia familia y a su círculo social que pondrán en duda su cordura, sino a médiums falsos y a espíritus oscuros que intentarán acabar con su vida para evitar que cumpla con su misión de servicio. Sofía le mostrará al mundo la existencia de seres que están más allá de la muerte y que hacen presencia entre nosotros, unos al servicio de Dios y otros en su contra" (from publisher). 
600 1 0 |a Hernández, José Gregorio,  |d 1864-1919  |v Fiction. 
650 0 |a Paranormal fiction. 
651 0 |a Colombia  |v Fiction.  
655 0 |a Electronic books. 
791 2 |a Digitalia (Firm),  |e distributor. 
793 0 |g Digitalia eBook Collection:  |a Editorial Oveja Negra. 
856 4 0 |3 Digitalia Hispánica  |u https://www.digitaliapublishing.com/a/19853/ 
910 |a Premium Collection: 2007-2012